| 000 | 00645cam a22002291 4500 | ||
|---|---|---|---|
| 001 | sa 68003932 | ||
| 003 | DLC | ||
| 005 | 20260227112457.0 | ||
| 008 | 891229s1966 ii 000 0 tamo | ||
| 010 | _asa 68003932 | ||
| 035 | _a(OCoLC)20835595 | ||
| 040 |
_aDLC _cWaU _dDLC |
||
| 050 | 0 | 0 |
_aPL4758.9.D4 _bA64 1966 |
| 100 | 1 |
_aTēcika Vināyakam Piḷḷai, Ci., _d1876-1954. |
|
| 245 | 1 | 0 | _aĀciya jōti. |
| 260 | _c[1966] | ||
| 300 |
_a88 p. _c18 cm. |
||
| 500 | _aIn Tamil. | ||
| 500 | _aBased on Light of Asia by Sir Edwin Arnold. | ||
| 600 | 0 | 0 |
_aGautama Buddha _xPoetry. |
| 700 | 1 |
_aArnold, Edwin, _cSir, _d1832-1904. _tLight of Asia. |
|
| 999 |
_c79854 _d79854 |
||